000 00633nam a22001577a 4500
008 170307b xxu||||| |||| 00| 0 eng d
082 _22015
_aUT 0667
_bSe29
100 _919034
_aSedon, Shaira Joy G.
245 _aMarket Orientation And Business Performance of Fast Food Chain Establishments in Digos City
_cShaira Joy G. Sedon, Kathleen L. Roble and Maries M. Padillo
300 _a68 pages;
_b30 cm.
650 0 _919035
_aBusiness Administration
_vFinancial Management
_xUndergraduate Thesis
700 _919036
_aSedon, Shaira Joy G.
700 _919037
_aRoble, Kathleen L.
700 _919038
_aPadillo, Maries M.
942 _2ddc
_cUT
999 _c6343
_d6343